000 00424nam a2200169Ia 4500
003 GCL
008 140319s9999 xx 000 0 eng d
040 _aGCL /
_cGCL
082 0 4 _a758.1
_bL T
100 1 _aL HATE, ANDRE
245 1 0 _aANDRE LHATE: TREATISE ON LANDSCAPE PAINTING /
_cL HATE, ANDRE
700 1 _aSTRACHAN, W.J.
260 _a[S.N] :
_bA ZWEMMER
650 0 4 _aARTS
650 0 4 _aPAINTING
942 _2ddc
_cBK
999 _c19503
_d19503